000 00221nam a2200085Ia 4500
245 0 _aIt's the little things
100 _a JAMES, Erica Bath, 2009
_995470
942 _cBK
008 210817s9999 xx 000 0 und d
999 _c449032
_d449030